{"text_format":"1","workbook":"xlsx","n_sheets":2,"sheets":["Данные","Лист1"],"not_rendered":{"charts":0,"images":0,"macros":1,"external_links":0,"defined_names":4,"comments":0,"pivot_tables":0},"unopened":[],"bounds":{"document_bytes":16777216,"sheet_cells":100000,"rows_first":2000,"rows_last":500,"rows_between":2000,"halvings":0,"cell_chars":16384,"cell_head_chars":4096},"cells_cut":0,"cells_raw":0,"read":"whole","date_system":"1900"}

{"sheet":"Данные","index":0,"n_rows":262,"n_cols":10,"rows_kept":262,"cut":false,"hidden":false,"merged":[[1,0,1,9]]}
[null,null,null,null,null,null,null,null,"Приложение №1"]
["Перечень актуальных и готовых к реализации невостребованных МТР"]
[]
["Наименование лота","Наименование ОГ","№ лота","№ позиции","Наименование неликвидных (НЛ) и невостребованных ликвидных (НВЛ) материалов","Ед. изм","Количество","Мин. цена реализации за ед., руб., без НДС ","Сумма, руб. без НДС","Место нахождения"]
["Изолятор","ПАО АНК \"Башнефть\" \"Башнефть-Новойл\"",1,1,"Изолятор 5672.E.27.00.00","ШТ",1,131154.95000000001,{"$f":"G5*H5","v":131154.95000000001},"450045, г. Уфа, ПАО АНК \"Башнефть\" \"Башнефть-Новойл\""]
["Изолятор","ПАО АНК \"Башнефть\" \"Башнефть-Новойл\"",1,2,"Изолятор PPC Insulators 3225821048646","ШТ",2,55837.1,111674.2,"450045, г. Уфа, ПАО АНК \"Башнефть\" \"Башнефть-Новойл\""]
["Изолятор","ПАО АНК \"Башнефть\" \"Башнефть-Новойл\"",1,3,"Изолятор PPC Insulators 3225821048646","ШТ",2,55837.1,111674.2,"450045, г. Уфа, ПАО АНК \"Башнефть\" \"Башнефть-Новойл\""]
["Изолятор","ПАО АНК \"Башнефть\" \"Башнефть-Новойл\"",1,4,"Изолятор 5672.E.27.00.00","ШТ",1,131154.95000000001,131154.95000000001,"450045, г. Уфа, ПАО АНК \"Башнефть\" \"Башнефть-Новойл\""]
["Изолятор","ПАО АНК \"Башнефть\" \"Башнефть-Новойл\"",1,5,"Изолятор CPK-1-050","ШТ",10,2861.88,28618.800000000003,"450045, г. Уфа, ПАО АНК \"Башнефть\" \"Башнефть-Новойл\""]
["Изолятор","ПАО АНК \"Башнефть\" \"Башнефть-Новойл\"",1,6,"Изолятор опорный ИО-6-3,75 II У3","ШТ",18,162.22999999999999,2920.14,"450045, г. Уфа, ПАО АНК \"Башнефть\" \"Башнефть-Новойл\""]
["Изолятор","ПАО АНК \"Башнефть\" \"Башнефть-Новойл\"",1,7,"Изолятор торцевой ABB 1SNA103062R2100","ШТ",1,8.92,8.92,"450045, г. Уфа, ПАО АНК \"Башнефть\" \"Башнефть-Новойл\""]
["Изолятор","ПАО АНК \"Башнефть\" \"Башнефть-Новойл\"",1,8,"Изолятор торцевой ABB 1SNA118368R1600","ШТ",3,8.92,26.759999999999998,"450045, г. Уфа, ПАО АНК \"Башнефть\" \"Башнефть-Новойл\""]
["Каркас Rittal","ПАО АНК \"Башнефть\" \"Башнефть-Новойл\"",2,9,"Каркас Rittal TS 8006.500","ШТ",1,18090.04,18090.04,"450045, г. Уфа, ПАО АНК \"Башнефть\" \"Башнефть-Новойл\""]
["Каркас Rittal","ПАО АНК \"Башнефть\" \"Башнефть-Новойл\"",2,10,"Каркас Rittal TS 8205.500","ШТ",2,21682.31,43364.62,"450045, г. Уфа, ПАО АНК \"Башнефть\" \"Башнефть-Новойл\""]
["Каркас Rittal","ПАО АНК \"Башнефть\" \"Башнефть-Новойл\"",2,11,"Каркас Rittal TS 8205.500","ШТ",1,20862.009999999998,20862.009999999998,"450045, г. Уфа, ПАО АНК \"Башнефть\" \"Башнефть-Новойл\""]
["Каркас Rittal","ПАО АНК \"Башнефть\" \"Башнефть-Новойл\"",2,12,"Каркас Rittal TS 8205.500","ШТ",1,21682.32,21682.32,"450045, г. Уфа, ПАО АНК \"Башнефть\" \"Башнефть-Новойл\""]
["Каркас Rittal","ПАО АНК \"Башнефть\" \"Башнефть-Новойл\"",2,13,"Каркас Rittal TS 8206.500","ШТ",1,20770.3,20770.3,"450045, г. Уфа, ПАО АНК \"Башнефть\" \"Башнефть-Новойл\""]
["Лампа","ПАО АНК \"Башнефть\" \"Башнефть-Новойл\"",3,14,"Лампа OSRAM HQL 80W E27","ШТ",120,133.16999999999999,15980.399999999998,"450045, г. Уфа, ПАО АНК \"Башнефть\" \"Башнефть-Новойл\""]
["Лампа","ПАО АНК \"Башнефть\" \"Башнефть-Новойл\"",3,15,"Лампа OSRAM HQL 80W E27","ШТ",164,133.16999999999999,21839.879999999997,"450045, г. Уфа, ПАО АНК \"Башнефть\" \"Башнефть-Новойл\""]
["Лампа","ПАО АНК \"Башнефть\" \"Башнефть-Новойл\"",3,16,"Лампа OSRAM HQL 80W E27","ШТ",60,133.16999999999999,7990.1999999999989,"450045, г. Уфа, ПАО АНК \"Башнефть\" \"Башнефть-Новойл\""]
["Лампа","ПАО АНК \"Башнефть\" \"Башнефть-Новойл\"",3,17,"Лампа OSRAM HQL 80W E27","ШТ",119,133.16999999999999,15847.229999999998,"450045, г. Уфа, ПАО АНК \"Башнефть\" \"Башнефть-Новойл\""]
["Лампа","ПАО АНК \"Башнефть\" \"Башнефть-Новойл\"",3,18,"Лампа CDO-TT Plus 150W/828 E40","ШТ",6,1291.52,7749.12,"450045, г. Уфа, ПАО АНК \"Башнефть\" \"Башнефть-Новойл\""]
["Лампа","ПАО АНК \"Башнефть\" \"Башнефть-Новойл\"",3,19,"Лампа OSRAM HQL 80W E27","ШТ",50,133.16999999999999,6658.4999999999991,"450045, г. Уфа, ПАО АНК \"Башнефть\" \"Башнефть-Новойл\""]
["Лампа","ПАО АНК \"Башнефть\" \"Башнефть-Новойл\"",3,20,"Лампа SL-L24 Moeller 205348 24В","ШТ",5,73.22,366.1,"450045, г. Уфа, ПАО АНК \"Башнефть\" \"Башнефть-Новойл\""]
["Лампа","ПАО АНК \"Башнефть\" \"Башнефть-Новойл\"",3,21,"Лампа коммутаторная КМ 48-25 Т6.8","ШТ",100,5.97,597,"450045, г. Уфа, ПАО АНК \"Башнефть\" \"Башнефть-Новойл\""]
["Лампа","ПАО АНК \"Башнефть\" \"Башнефть-Новойл\"",3,22,"Лампа люминисцентная FL36W/765","ШТ",4,21.25,85,"450045, г. Уфа, ПАО АНК \"Башнефть\" \"Башнефть-Новойл\""]
["Лампа","ПАО АНК \"Башнефть\" \"Башнефть-Новойл\"",3,23,"Лампа люминисцентная Legrand 60940","ШТ",4,483,1932,"450045, г. Уфа, ПАО АНК \"Башнефть\" \"Башнефть-Новойл\""]
["Лампа","ПАО АНК \"Башнефть\" \"Башнефть-Новойл\"",3,24,"Лампа люминисцентная Legrand 60940","ШТ",8,483,3864,"450045, г. Уфа, ПАО АНК \"Башнефть\" \"Башнефть-Новойл\""]
["Лампа","ПАО АНК \"Башнефть\" \"Башнефть-Новойл\"",3,25,"Лампа люминисцентная Legrand 60940","ШТ",4,483,1932,"450045, г. Уфа, ПАО АНК \"Башнефть\" \"Башнефть-Новойл\""]
["Лампа","ПАО АНК \"Башнефть\" \"Башнефть-Новойл\"",3,26,"Лампа люминисцентная Legrand 60940","ШТ",12,483,5796,"450045, г. Уфа, ПАО АНК \"Башнефть\" \"Башнефть-Новойл\""]
["Лампа","ПАО АНК \"Башнефть\" \"Башнефть-Новойл\"",3,27,"Лампа люминисцентная Legrand 60940","ШТ",22,483,10626,"450045, г. Уфа, ПАО АНК \"Башнефть\" \"Башнефть-Новойл\""]
["Лампа","ПАО АНК \"Башнефть\" \"Башнефть-Новойл\"",3,28,"Лампа накаливания Clas P FR 25 Е14","ШТ",3,8.8000000000000007,26.400000000000002,"450045, г. Уфа, ПАО АНК \"Башнефть\" \"Башнефть-Новойл\""]
["Лампа","ПАО АНК \"Башнефть\" \"Башнефть-Новойл\"",3,29,"Лампа накаливания Clas P FR 25 Е14","ШТ",30,11.75,352.5,"450045, г. Уфа, ПАО АНК \"Башнефть\" \"Башнефть-Новойл\""]
["Лампа","ПАО АНК \"Башнефть\" \"Башнефть-Новойл\"",3,30,"Лампа накаливания Б 230-240-40","ШТ",80,4.2699999999999996,341.59999999999997,"450045, г. Уфа, ПАО АНК \"Башнефть\" \"Башнефть-Новойл\""]
["Лампа","ПАО АНК \"Башнефть\" \"Башнефть-Новойл\"",3,31,"Лампа накаливания Б 230-240-60","ШТ",83,4.43,367.69,"450045, г. Уфа, ПАО АНК \"Башнефть\" \"Башнефть-Новойл\""]
["Лампа","ПАО АНК \"Башнефть\" \"Башнефть-Новойл\"",3,32,"Лампа накаливания Б 230-240-60","ШТ",16,4.3499999999999996,69.599999999999994,"450045, г. Уфа, ПАО АНК \"Башнефть\" \"Башнефть-Новойл\""]
["Лампа","ПАО АНК \"Башнефть\" \"Башнефть-Новойл\"",3,33,"Лампа накаливания МО 12-60","ШТ",30,5.33,159.9,"450045, г. Уфа, ПАО АНК \"Башнефть\" \"Башнефть-Новойл\""]
["Лампа","ПАО АНК \"Башнефть\" \"Башнефть-Новойл\"",3,34,"Лампа накаливания МО 36-60","ШТ",10,5.27,52.699999999999996,"450045, г. Уфа, ПАО АНК \"Башнефть\" \"Башнефть-Новойл\""]
["Лампа","ПАО АНК \"Башнефть\" \"Башнефть-Новойл\"",3,35,"Лампа накаливания МО 36-60","ШТ",10,5.23,52.300000000000004,"450045, г. Уфа, ПАО АНК \"Башнефть\" \"Башнефть-Новойл\""]
["Лампа","ПАО АНК \"Башнефть\" \"Башнефть-Новойл\"",3,36,"Лампа полупроводн. ЛПО-07Б-2-36","ШТ",200,307.97000000000003,61594.000000000007,"450045, г. Уфа, ПАО АНК \"Башнефть\" \"Башнефть-Новойл\""]
["Лампа","ПАО АНК \"Башнефть\" \"Башнефть-Новойл\"",3,37,"Лампа ртутная высокого давления ДРЛ 700","ШТ",245,242.03,59297.35,"450045, г. Уфа, ПАО АНК \"Башнефть\" \"Башнефть-Новойл\""]
["Трансформатор","ПАО АНК \"Башнефть\" \"Башнефть-Новойл\"",4,38,"Трансформатор тока Т-0,66 250/5","ШТ",3,332.18,996.54,"450045, г. Уфа, ПАО АНК \"Башнефть\" \"Башнефть-Новойл\""]
["Трансформатор","ПАО АНК \"Башнефть\" \"Башнефть-Новойл\"",4,39,"Трансформатор тока Т-0,66 250/5","ШТ",3,332.18,996.54,"450045, г. Уфа, ПАО АНК \"Башнефть\" \"Башнефть-Новойл\""]
["Трансформатор","ПАО АНК \"Башнефть\" \"Башнефть-Новойл\"",4,40,"Трансформатор тока Т-0,66 250/5","ШТ",3,332.18,996.54,"450045, г. Уфа, ПАО АНК \"Башнефть\" \"Башнефть-Новойл\""]
["Трансформатор","ПАО АНК \"Башнефть\" \"Башнефть-Новойл\"",4,41,"Трансформатор тока ТОП-0,66 75/5","ШТ",1,291.88,291.88,"450045, г. Уфа, ПАО АНК \"Башнефть\" \"Башнефть-Новойл\""]
["Трансформатор","ПАО АНК \"Башнефть\" \"Башнефть-Новойл\"",4,42,"Трансформатор ТСЗВ-63 380/133","ШТ",1,149959.19,149959.19,"450045, г. Уфа, ПАО АНК \"Башнефть\" \"Башнефть-Новойл\""]
["Трансформатор","ПАО АНК \"Башнефть\" \"Башнефть-Новойл\"",4,43,"Тр-р Т-0,66-1-0,5-200/5У3","ШТ",1,141.54,141.54,"450045, г. Уфа, ПАО АНК \"Башнефть\" \"Башнефть-Новойл\""]
["Трансформатор","ПАО АНК \"Башнефть\" \"Башнефть-Новойл\"",4,44,"Тр-р Т-0,66-1-0,5-200/5У3","ШТ",2,141.54,283.08,"450045, г. Уфа, ПАО АНК \"Башнефть\" \"Башнефть-Новойл\""]
["Трансформатор","ПАО АНК \"Башнефть\" \"Башнефть-Новойл\"",4,45,"Тр-р ТПЛ-10-М-0,5S/10P-50/5-У2","ШТ",4,14662.25,58649,"450045, г. Уфа, ПАО АНК \"Башнефть\" \"Башнефть-Новойл\""]
["Шины заземления","ПАО АНК \"Башнефть\" \"Башнефть-Новойл\"",5,46,"Шина заземления Rittal 7113.000","ШТ",2,859.8,1719.6,"450045, г. Уфа, ПАО АНК \"Башнефть\" \"Башнефть-Новойл\""]
["Шины заземления","ПАО АНК \"Башнефть\" \"Башнефть-Новойл\"",5,47,"Шина заземления Rittal арт.SZ 2569.000","ШТ",12,136.72999999999999,1640.7599999999998,"450045, г. Уфа, ПАО АНК \"Башнефть\" \"Башнефть-Новойл\""]
["Шины заземления","ПАО АНК \"Башнефть\" \"Башнефть-Новойл\"",5,48,"Шина профильная Rittal SZ 4944.000 6шт","УПК",2,1155.08,2310.16,"450045, г. Уфа, ПАО АНК \"Башнефть\" \"Башнефть-Новойл\""]
["Шины заземления","ПАО АНК \"Башнефть\" \"Башнефть-Новойл\"",5,49,"Шина профильная Rittal SZ 4944.000 6шт","УПК",3,1155.08,3465.24,"450045, г. Уфа, ПАО АНК \"Башнефть\" \"Башнефть-Новойл\""]
["Шины заземления","ПАО АНК \"Башнефть\" \"Башнефть-Новойл\"",5,50,"Шина PE HEGEL DK 7543.000","ШТ",3,2113.52,6340.5599999999995,"450045, г. Уфа, ПАО АНК \"Башнефть\" \"Башнефть-Новойл\""]
["Шины заземления","ПАО АНК \"Башнефть\" \"Башнефть-Новойл\"",5,51,"Шина PE HEGEL DK 7543.000","ШТ",1,2200.6999999999998,2200.6999999999998,"450045, г. Уфа, ПАО АНК \"Башнефть\" \"Башнефть-Новойл\""]
["Шины заземления","ПАО АНК \"Башнефть\" \"Башнефть-Новойл\"",5,52,"Шина PE HEGEL DK 7543.000","ШТ",1,2048.65,2048.65,"450045, г. Уфа, ПАО АНК \"Башнефть\" \"Башнефть-Новойл\""]
["Шины заземления","ПАО АНК \"Башнефть\" \"Башнефть-Новойл\"",5,53,"Шина PE HEGEL DK 7543.000","ШТ",1,2050.42,2050.42,"450045, г. Уфа, ПАО АНК \"Башнефть\" \"Башнефть-Новойл\""]
["Шины заземления","ПАО АНК \"Башнефть\" \"Башнефть-Новойл\"",5,54,"Шина Rittal SZ 4171000 (упк 12 шт)","УПК",0.33300000000000002,3919.89,1305.3233700000001,"450045, г. Уфа, ПАО АНК \"Башнефть\" \"Башнефть-Новойл\""]
["Шины заземления","ПАО АНК \"Башнефть\" \"Башнефть-Новойл\"",5,55,"Шина Rittal SZ 4171000 (упк 12 шт)","УПК",0.16700000000000001,11683.23,1951.09941,"450045, г. Уфа, ПАО АНК \"Башнефть\" \"Башнефть-Новойл\""]
["Шины заземления","ПАО АНК \"Башнефть\" \"Башнефть-Новойл\"",5,56,"Шина заземления CU 600 Rittal DK 7541000","ШТ",1,1792.67,1792.67,"450045, г. Уфа, ПАО АНК \"Башнефть\" \"Башнефть-Новойл\""]
["Шины заземления","ПАО АНК \"Башнефть\" \"Башнефть-Новойл\"",5,57,"Шина заземления Rittal 7113.000","ШТ",1,859.8,859.8,"450045, г. Уфа, ПАО АНК \"Башнефть\" \"Башнефть-Новойл\""]
["Шины заземления","ПАО АНК \"Башнефть\" \"Башнефть-Новойл\"",5,58,"Шина заземления Rittal 7542.000","ШТ",2,2133.31,4266.62,"450045, г. Уфа, ПАО АНК \"Башнефть\" \"Башнефть-Новойл\""]
["Шины заземления","ПАО АНК \"Башнефть\" \"Башнефть-Новойл\"",5,59,"Шина заземления Rittal арт.SZ 2569.000","ШТ",3,136.72999999999999,410.18999999999994,"450045, г. Уфа, ПАО АНК \"Башнефть\" \"Башнефть-Новойл\""]
["Шины заземления","ПАО АНК \"Башнефть\" \"Башнефть-Новойл\"",5,60,"Шина заземления Rittal арт.SZ 2569.000","ШТ",1,136.85,136.85,"450045, г. Уфа, ПАО АНК \"Башнефть\" \"Башнефть-Новойл\""]
["Шины заземления","ПАО АНК \"Башнефть\" \"Башнефть-Новойл\"",5,61,"Шина несущая Rittal SZ 2313.150","ШТ",48,444.89,21354.720000000001,"450045, г. Уфа, ПАО АНК \"Башнефть\" \"Башнефть-Новойл\""]
["Шины заземления","ПАО АНК \"Башнефть\" \"Башнефть-Новойл\"",5,62,"Шина несущая Rittal SZ 2313.150","ШТ",11,444.89,4893.79,"450045, г. Уфа, ПАО АНК \"Башнефть\" \"Башнефть-Новойл\""]
["Шины заземления","ПАО АНК \"Башнефть\" \"Башнефть-Новойл\"",5,63,"Шина несущая Rittal SZ 2313.150","ШТ",6,444.89,2669.34,"450045, г. Уфа, ПАО АНК \"Башнефть\" \"Башнефть-Новойл\""]
["Шины заземления","ПАО АНК \"Башнефть\" \"Башнефть-Новойл\"",5,64,"Шина несущая Rittal SZ 2313.150","ШТ",3,444.89,1334.67,"450045, г. Уфа, ПАО АНК \"Башнефть\" \"Башнефть-Новойл\""]
["Шины заземления","ПАО АНК \"Башнефть\" \"Башнефть-Новойл\"",5,65,"Шина профильная Rittal 4945.000","ШТ",7,227.07,{"$f":"G69*H69","v":1589.49},"450045, г. Уфа, ПАО АНК \"Башнефть\" \"Башнефть-Новойл\""]
["Шины заземления","ПАО АНК \"Башнефть\" \"Башнефть-Новойл\"",5,66,"Шина профильная Rittal 4945.000","ШТ",6,207.89,1247.3399999999999,"450045, г. Уфа, ПАО АНК \"Башнефть\" \"Башнефть-Новойл\""]
["Шины заземления","ПАО АНК \"Башнефть\" \"Башнефть-Новойл\"",5,67,"Шина профильная Rittal SZ 4944.000 6шт","УПК",1,1155.08,1155.08,"450045, г. Уфа, ПАО АНК \"Башнефть\" \"Башнефть-Новойл\""]
["Шкаф","ПАО АНК \"Башнефть\" \"Башнефть-Новойл\"",6,68,"Шкаф Legrand L/601059","ШТ",5,988.81,4944.0499999999993,"450045, г. Уфа, ПАО АНК \"Башнефть\" \"Башнефть-Новойл\""]
["Шкаф","ПАО АНК \"Башнефть\" \"Башнефть-Новойл\"",6,69,"Шкаф 05766528-3035-1415.555А.520.519А-ЭТ","ШТ",1,5999.48,5999.48,"450045, г. Уфа, ПАО АНК \"Башнефть\" \"Башнефть-Новойл\""]
["Шкаф","ПАО АНК \"Башнефть\" \"Башнефть-Новойл\"",6,70,"Шкаф Legrand L/401646 Ekinoxe NX","ШТ",5,1553.83,7769.15,"450045, г. Уфа, ПАО АНК \"Башнефть\" \"Башнефть-Новойл\""]
["Шкаф","ПАО АНК \"Башнефть\" \"Башнефть-Новойл\"",6,71,"Шкаф Legrand L/601055","ШТ",1,594.82000000000005,594.82000000000005,"450045, г. Уфа, ПАО АНК \"Башнефть\" \"Башнефть-Новойл\""]
["Шкаф","ПАО АНК \"Башнефть\" \"Башнефть-Новойл\"",6,72,"Шкаф Legrand L/601059","ШТ",4,988.81,3955.24,"450045, г. Уфа, ПАО АНК \"Башнефть\" \"Башнефть-Новойл\""]
["Шкаф","ПАО АНК \"Башнефть\" \"Башнефть-Новойл\"",6,73,"Шкаф Rittal TS 8606.500","ШТ",1,13475.45,13475.45,"450045, г. Уфа, ПАО АНК \"Башнефть\" \"Башнефть-Новойл\""]
["Шкаф","ПАО АНК \"Башнефть\" \"Башнефть-Новойл\"",6,74,"Шкаф Rittal TS8 8604.500","ШТ",1,13079.03,13079.03,"450045, г. Уфа, ПАО АНК \"Башнефть\" \"Башнефть-Новойл\""]
["Шкаф","ПАО АНК \"Башнефть\" \"Башнефть-Новойл\"",6,75,"Шкаф Rittal TS8 8604.500","ШТ",1,13022.65,13022.65,"450045, г. Уфа, ПАО АНК \"Башнефть\" \"Башнефть-Новойл\""]
["Шкаф","ПАО АНК \"Башнефть\" \"Башнефть-Новойл\"",6,76,"Шкаф АВР ASCO A300 70А кмп2","ШТ",1,64704.34,64704.34,"450045, г. Уфа, ПАО АНК \"Башнефть\" \"Башнефть-Новойл\""]
["Шкаф","ПАО АНК \"Башнефть\" \"Башнефть-Новойл\"",6,77,"Шкаф АВР ASCO A300 70А кмп2","ШТ",1,58406.69,58406.69,"450045, г. Уфа, ПАО АНК \"Башнефть\" \"Башнефть-Новойл\""]
["Шкаф","ПАО АНК \"Башнефть\" \"Башнефть-Новойл\"",6,78,"Шкаф БНФ/п/2768/12/МТС","ШТ",1,231268.01,231268.01,"450045, г. Уфа, ПАО АНК \"Башнефть\" \"Башнефть-Новойл\""]
["Шкаф","ПАО АНК \"Башнефть\" \"Башнефть-Новойл\"",6,79,"Шкаф ШРН-1М-2/30","ШТ",2,1840.45,3680.9,"450045, г. Уфа, ПАО АНК \"Башнефть\" \"Башнефть-Новойл\""]
["Шкаф","ПАО АНК \"Башнефть\" \"Башнефть-Новойл\"",6,80,"Шкаф ШРЭ-3-36-0068-11 УХЛ4","ШТ",1,22392.12,22392.12,"450045, г. Уфа, ПАО АНК \"Башнефть\" \"Башнефть-Новойл\""]
["Шкаф","ПАО АНК \"Башнефть\" \"Башнефть-Новойл\"",6,81,"Шкаф Щ-5Н-3, Щ-5Н-3а, Щ-6Н-3, Щ-6Н-3а. 6","ШТ",4,28141.26,112565.04,"450045, г. Уфа, ПАО АНК \"Башнефть\" \"Башнефть-Новойл\""]
["Щит","ПАО АНК \"Башнефть\" \"Башнефть-Новойл\"",7,82,"Щит 2Щ 05766528-(2295)-000-ТЭ.ОЛ","ШТ",1,217509.8,217509.8,"450045, г. Уфа, ПАО АНК \"Башнефть\" \"Башнефть-Новойл\""]
["Щит","ПАО АНК \"Башнефть\" \"Башнефть-Новойл\"",7,83,"Щит Щ0 по ОЛ №70000027413","ШТ",1,133840.31,133840.31,"450045, г. Уфа, ПАО АНК \"Башнефть\" \"Башнефть-Новойл\""]
["Электротехнические изделия, материалы","ПАО АНК \"Башнефть\" \"Башнефть-Новойл\"",8,84,"Кабель подключения Rittal CS 9765137","ШТ",6,299.39,1796.34,"450045, г. Уфа, ПАО АНК \"Башнефть\" \"Башнефть-Новойл\""]
["Электротехнические изделия, материалы","ПАО АНК \"Башнефть\" \"Башнефть-Новойл\"",8,85,"Кабель-канал Rittal TS 8800.510","ШТ",6,273.57,1641.42,"450045, г. Уфа, ПАО АНК \"Башнефть\" \"Башнефть-Новойл\""]
["Электротехнические изделия, материалы","ПАО АНК \"Башнефть\" \"Башнефть-Новойл\"",8,86,"Кожух защитный Rittal SK 3240.080","ШТ",1,3865.68,3865.68,"450045, г. Уфа, ПАО АНК \"Башнефть\" \"Башнефть-Новойл\""]
["Электротехнические изделия, материалы","ПАО АНК \"Башнефть\" \"Башнефть-Новойл\"",8,87,"Панель боковая цокол. Rittal TS8105.235","ШТ",1,3149.61,3149.61,"450045, г. Уфа, ПАО АНК \"Башнефть\" \"Башнефть-Новойл\""]
["Электротехнические изделия, материалы","ПАО АНК \"Башнефть\" \"Башнефть-Новойл\"",8,88,"Панель боковая цокол. Rittal TS8105.235","ШТ",1,3149.61,3149.61,"450045, г. Уфа, ПАО АНК \"Башнефть\" \"Башнефть-Новойл\""]
["Электротехнические изделия, материалы","ПАО АНК \"Башнефть\" \"Башнефть-Новойл\"",8,89,"Перемычка Phoenix Contact 3118135","ШТ",10,50.13,501.3,"450045, г. Уфа, ПАО АНК \"Башнефть\" \"Башнефть-Новойл\""]
["Электротехнические изделия, материалы","ПАО АНК \"Башнефть\" \"Башнефть-Новойл\"",8,90,"Перемычка Phoenix Contact FBS 3005963","ШТ",10,27.64,276.39999999999998,"450045, г. Уфа, ПАО АНК \"Башнефть\" \"Башнефть-Новойл\""]
["Электротехнические изделия, материалы","ПАО АНК \"Башнефть\" \"Башнефть-Новойл\"",8,91,"Петли настенные Legrand 01969","ШТ",1,403.36,403.36,"450045, г. Уфа, ПАО АНК \"Башнефть\" \"Башнефть-Новойл\""]
["Электротехнические изделия, материалы","ПАО АНК \"Башнефть\" \"Башнефть-Новойл\"",8,92,"Рама цоколя Rittal TS 8601.800","ШТ",1,766.68,766.68,"450045, г. Уфа, ПАО АНК \"Башнефть\" \"Башнефть-Новойл\""]
["Электротехнические изделия, материалы","ПАО АНК \"Башнефть\" \"Башнефть-Новойл\"",8,93,"Стопор концевой Phoenix Contact 1201442","ШТ",8,14.24,113.92,"450045, г. Уфа, ПАО АНК \"Башнефть\" \"Башнефть-Новойл\""]
["Электротехнические изделия, материалы","ПАО АНК \"Башнефть\" \"Башнефть-Новойл\"",8,94,"Уплотнитель каб.ввода Legrand 098005","ШТ",1,58.42,58.42,"450045, г. Уфа, ПАО АНК \"Башнефть\" \"Башнефть-Новойл\""]
["Электротехнические изделия, материалы","ПАО АНК \"Башнефть\" \"Башнефть-Новойл\"",8,95,"Автомат ввода резерва ASCO A300 70A","ШТ",1,38377.22,38377.22,"450045, г. Уфа, ПАО АНК \"Башнефть\" \"Башнефть-Новойл\""]
["Электротехнические изделия, материалы","ПАО АНК \"Башнефть\" \"Башнефть-Новойл\"",8,96,"Адаптер Moeller M22-A 216374","ШТ",9,41.56,374.04,"450045, г. Уфа, ПАО АНК \"Башнефть\" \"Башнефть-Новойл\""]
["Электротехнические изделия, материалы","ПАО АНК \"Башнефть\" \"Башнефть-Новойл\"",8,97,"Арматура светосиг. ССВ-15-2М","ШТ",14,411.6,5762.4000000000005,"450045, г. Уфа, ПАО АНК \"Башнефть\" \"Башнефть-Новойл\""]
["Электротехнические изделия, материалы","ПАО АНК \"Башнефть\" \"Башнефть-Новойл\"",8,98,"Блок управления CHU222-W-30 Korf","ШТ",3,28576.38,85729.14,"450045, г. Уфа, ПАО АНК \"Башнефть\" \"Башнефть-Новойл\""]
["Электротехнические изделия, материалы","ПАО АНК \"Башнефть\" \"Башнефть-Новойл\"",8,99,"Ввод-сальник кабельный D20 IP54","ШТ",310,4.07,1261.7,"450045, г. Уфа, ПАО АНК \"Башнефть\" \"Башнефть-Новойл\""]
["Электротехнические изделия, материалы","ПАО АНК \"Башнефть\" \"Башнефть-Новойл\"",8,100,"Вилка кабельная ССИ-023 2Р+РЕ 32А 380В","ШТ",110,92.93,10222.300000000001,"450045, г. Уфа, ПАО АНК \"Башнефть\" \"Башнефть-Новойл\""]
["Электротехнические изделия, материалы","ПАО АНК \"Башнефть\" \"Башнефть-Новойл\"",8,101,"Вилка кабельная ССИ-023 2Р+РЕ 32А 380В","ШТ",100,67.09,6709,"450045, г. Уфа, ПАО АНК \"Башнефть\" \"Башнефть-Новойл\""]
["Электротехнические изделия, материалы","ПАО АНК \"Башнефть\" \"Башнефть-Новойл\"",8,102,"Винт Husqvarna 5032029-63","ШТ",5,83.88,419.4,"450045, г. Уфа, ПАО АНК \"Башнефть\" \"Башнефть-Новойл\""]
["Электротехнические изделия, материалы","ПАО АНК \"Башнефть\" \"Башнефть-Новойл\"",8,103,"Винт PhoenixContact ZKS M6х12SW3 0807025","ШТ",12,25.01,300.12,"450045, г. Уфа, ПАО АНК \"Башнефть\" \"Башнефть-Новойл\""]
["Электротехнические изделия, материалы","ПАО АНК \"Башнефть\" \"Башнефть-Новойл\"",8,104,"Винт Torx BZ5,5х13 Rittal SZ 2486.500","ШТ",300,4.71,1413,"450045, г. Уфа, ПАО АНК \"Башнефть\" \"Башнефть-Новойл\""]
["Электротехнические изделия, материалы","ПАО АНК \"Башнефть\" \"Башнефть-Новойл\"",8,105,"Втулка Legrand L/01756","ШТ",7,378.2,2647.4,"450045, г. Уфа, ПАО АНК \"Башнефть\" \"Башнефть-Новойл\""]
["Электротехнические изделия, материалы","ПАО АНК \"Башнефть\" \"Башнефть-Новойл\"",8,106,"Втулка Legrand L/01756","ШТ",12,42.58,510.96,"450045, г. Уфа, ПАО АНК \"Башнефть\" \"Башнефть-Новойл\""]
["Электротехнические изделия, материалы","ПАО АНК \"Башнефть\" \"Башнефть-Новойл\"",8,107,"Гайка M6 Rittal TS 4162.000 (упк 50шт)","УПК",3,317.10000000000002,951.30000000000007,"450045, г. Уфа, ПАО АНК \"Башнефть\" \"Башнефть-Новойл\""]
["Электротехнические изделия, материалы","ПАО АНК \"Башнефть\" \"Башнефть-Новойл\"",8,108,"Гайка M6 Rittal TS 4162.000 (упк 50шт)","УПК",2,317.10000000000002,634.20000000000005,"450045, г. Уфа, ПАО АНК \"Башнефть\" \"Башнефть-Новойл\""]
["Электротехнические изделия, материалы","ПАО АНК \"Башнефть\" \"Башнефть-Новойл\"",8,109,"Гайка M6 Rittal TS 4162.000 (упк 50шт)","УПК",2,317.10000000000002,634.20000000000005,"450045, г. Уфа, ПАО АНК \"Башнефть\" \"Башнефть-Новойл\""]
["Электротехнические изделия, материалы","ПАО АНК \"Башнефть\" \"Башнефть-Новойл\"",8,110,"Гайка Rittal TS 8800.350","ШТ",8,17.75,142,"450045, г. Уфа, ПАО АНК \"Башнефть\" \"Башнефть-Новойл\""]
["Электротехнические изделия, материалы","ПАО АНК \"Башнефть\" \"Башнефть-Новойл\"",8,111,"Гайка закладная К611","ШТ",20,4.96,99.2,"450045, г. Уфа, ПАО АНК \"Башнефть\" \"Башнефть-Новойл\""]
["Электротехнические изделия, материалы","ПАО АНК \"Башнефть\" \"Башнефть-Новойл\"",8,112,"Гайка закладная К612","ШТ",16,4.96,79.36,"450045, г. Уфа, ПАО АНК \"Башнефть\" \"Башнефть-Новойл\""]
["Электротехнические изделия, материалы","ПАО АНК \"Башнефть\" \"Башнефть-Новойл\"",8,113,"Гайка закладная К613","ШТ",16,4.96,79.36,"450045, г. Уфа, ПАО АНК \"Башнефть\" \"Башнефть-Новойл\""]
["Электротехнические изделия, материалы","ПАО АНК \"Башнефть\" \"Башнефть-Новойл\"",8,114,"Гайка скользящая Rittal PS 4179.000","ШТ",20,22.41,448.2,"450045, г. Уфа, ПАО АНК \"Башнефть\" \"Башнефть-Новойл\""]
["Электротехнические изделия, материалы","ПАО АНК \"Башнефть\" \"Башнефть-Новойл\"",8,115,"Держатель Rittal PS 4183.000","ШТ",24,38.409999999999997,921.83999999999992,"450045, г. Уфа, ПАО АНК \"Башнефть\" \"Башнефть-Новойл\""]
["Электротехнические изделия, материалы","ПАО АНК \"Башнефть\" \"Башнефть-Новойл\"",8,116,"Держатель Rittal PS 4183.000","ШТ",24,41.15,987.59999999999991,"450045, г. Уфа, ПАО АНК \"Башнефть\" \"Башнефть-Новойл\""]
["Электротехнические изделия, материалы","ПАО АНК \"Башнефть\" \"Башнефть-Новойл\"",8,117,"Держатель Rittal SZ 4183000 (упк 24 шт)","УПК",1,1070.3599999999999,1070.3599999999999,"450045, г. Уфа, ПАО АНК \"Башнефть\" \"Башнефть-Новойл\""]
["Электротехнические изделия, материалы","ПАО АНК \"Башнефть\" \"Башнефть-Новойл\"",8,118,"Держатель крепеж.Rittal PS 4182.000","КМП",1,907.62,907.62,"450045, г. Уфа, ПАО АНК \"Башнефть\" \"Башнефть-Новойл\""]
["Электротехнические изделия, материалы","ПАО АНК \"Башнефть\" \"Башнефть-Новойл\"",8,119,"Держатель крепеж.Rittal PS 4182.000","КМП",1,798.76,798.76,"450045, г. Уфа, ПАО АНК \"Башнефть\" \"Башнефть-Новойл\""]
["Электротехнические изделия, материалы","ПАО АНК \"Башнефть\" \"Башнефть-Новойл\"",8,120,"Держатель крепеж.Rittal PS 4182.000","КМП",1,907.62,907.62,"450045, г. Уфа, ПАО АНК \"Башнефть\" \"Башнефть-Новойл\""]
["Электротехнические изделия, материалы","ПАО АНК \"Башнефть\" \"Башнефть-Новойл\"",8,121,"Держатель шланга Rittal из 2592.000","ШТ",2,815.87,1631.74,"450045, г. Уфа, ПАО АНК \"Башнефть\" \"Башнефть-Новойл\""]
["Электротехнические изделия, материалы","ПАО АНК \"Башнефть\" \"Башнефть-Новойл\"",8,122,"Держатель этикеток 9001KN100WP","ШТ",5,46.51,232.54999999999998,"450045, г. Уфа, ПАО АНК \"Башнефть\" \"Башнефть-Новойл\""]
["Электротехнические изделия, материалы","ПАО АНК \"Башнефть\" \"Башнефть-Новойл\"",8,123,"Зажим кабельный Rittal DK 7098.000","ШТ",50,79.989999999999995,3999.4999999999995,"450045, г. Уфа, ПАО АНК \"Башнефть\" \"Башнефть-Новойл\""]
["Электротехнические изделия, материалы","ПАО АНК \"Башнефть\" \"Башнефть-Новойл\"",8,124,"Зажим кабельный Rittal DK 7098.000","ШТ",25,79.989999999999995,1999.7499999999998,"450045, г. Уфа, ПАО АНК \"Башнефть\" \"Башнефть-Новойл\""]
["Электротехнические изделия, материалы","ПАО АНК \"Башнефть\" \"Башнефть-Новойл\"",8,125,"Зажим кабельный Rittal DK 7098.000","ШТ",15,79.989999999999995,1199.8499999999999,"450045, г. Уфа, ПАО АНК \"Башнефть\" \"Башнефть-Новойл\""]
["Электротехнические изделия, материалы","ПАО АНК \"Башнефть\" \"Башнефть-Новойл\"",8,126,"Зажим кабельный Rittal DK 7098.000","ШТ",10,79.989999999999995,799.9,"450045, г. Уфа, ПАО АНК \"Башнефть\" \"Башнефть-Новойл\""]
["Электротехнические изделия, материалы","ПАО АНК \"Башнефть\" \"Башнефть-Новойл\"",8,127,"Зажим кабельный Rittal DK 7099.000","ШТ",75,79.989999999999995,5999.25,"450045, г. Уфа, ПАО АНК \"Башнефть\" \"Башнефть-Новойл\""]
["Электротехнические изделия, материалы","ПАО АНК \"Башнефть\" \"Башнефть-Новойл\"",8,128,"Зажим кабельный Rittal DK 7099.000","ШТ",25,79.989999999999995,1999.7499999999998,"450045, г. Уфа, ПАО АНК \"Башнефть\" \"Башнефть-Новойл\""]
["Электротехнические изделия, материалы","ПАО АНК \"Башнефть\" \"Башнефть-Новойл\"",8,129,"Зажим кабельный Rittal DK 7099.000","ШТ",15,79.989999999999995,{"$f":"G133*H133","v":1199.8499999999999},"450045, г. Уфа, ПАО АНК \"Башнефть\" \"Башнефть-Новойл\""]
["Электротехнические изделия, материалы","ПАО АНК \"Башнефть\" \"Башнефть-Новойл\"",8,130,"Зажим кабельный Rittal DK 7099.000","ШТ",15,79.989999999999995,1199.8499999999999,"450045, г. Уфа, ПАО АНК \"Башнефть\" \"Башнефть-Новойл\""]
["Электротехнические изделия, материалы","ПАО АНК \"Башнефть\" \"Башнефть-Новойл\"",8,131,"Кабель подключения Rittal CS 9765137","ШТ",1,299.39,299.39,"450045, г. Уфа, ПАО АНК \"Башнефть\" \"Башнефть-Новойл\""]
["Электротехнические изделия, материалы","ПАО АНК \"Башнефть\" \"Башнефть-Новойл\"",8,132,"Кабель подключения Rittal CS 9765137","ШТ",1,299.39,299.39,"450045, г. Уфа, ПАО АНК \"Башнефть\" \"Башнефть-Новойл\""]
["Электротехнические изделия, материалы","ПАО АНК \"Башнефть\" \"Башнефть-Новойл\"",8,133,"Кабель подключения Rittal CS 9765137","ШТ",3,299.39,898.17,"450045, г. Уфа, ПАО АНК \"Башнефть\" \"Башнефть-Новойл\""]
["Электротехнические изделия, материалы","ПАО АНК \"Башнефть\" \"Башнефть-Новойл\"",8,134,"Кабель подключения Rittal CS 9765137","ШТ",1,299.39,299.39,"450045, г. Уфа, ПАО АНК \"Башнефть\" \"Башнефть-Новойл\""]
["Электротехнические изделия, материалы","ПАО АНК \"Башнефть\" \"Башнефть-Новойл\"",8,135,"Кабель подключения Rittal CS 9765137","ШТ",3,299.39,898.17,"450045, г. Уфа, ПАО АНК \"Башнефть\" \"Башнефть-Новойл\""]
["Электротехнические изделия, материалы","ПАО АНК \"Башнефть\" \"Башнефть-Новойл\"",8,136,"Кабель подключения Rittal SZ 4315.100","ШТ",1,149.24,149.24,"450045, г. Уфа, ПАО АНК \"Башнефть\" \"Башнефть-Новойл\""]
["Электротехнические изделия, материалы","ПАО АНК \"Башнефть\" \"Башнефть-Новойл\"",8,137,"Кабель-канал Rittal TS 8800.510","ШТ",4,273.57,1094.28,"450045, г. Уфа, ПАО АНК \"Башнефть\" \"Башнефть-Новойл\""]
["Электротехнические изделия, материалы","ПАО АНК \"Башнефть\" \"Башнефть-Новойл\"",8,138,"Кожух защитный Rittal SK 3240.080","ШТ",1,3865.68,3865.68,"450045, г. Уфа, ПАО АНК \"Башнефть\" \"Башнефть-Новойл\""]
["Электротехнические изделия, материалы","ПАО АНК \"Башнефть\" \"Башнефть-Новойл\"",8,139,"Кожух защитный Rittal SK 3240.080","ШТ",2,3865.68,7731.36,"450045, г. Уфа, ПАО АНК \"Башнефть\" \"Башнефть-Новойл\""]
["Электротехнические изделия, материалы","ПАО АНК \"Башнефть\" \"Башнефть-Новойл\"",8,140,"Кожух защитный Rittal SK 3324.800","ШТ",1,3865.68,3865.68,"450045, г. Уфа, ПАО АНК \"Башнефть\" \"Башнефть-Новойл\""]
["Электротехнические изделия, материалы","ПАО АНК \"Башнефть\" \"Башнефть-Новойл\"",8,141,"Кожух защитный Rittal SK 3324.800","ШТ",1,3865.68,3865.68,"450045, г. Уфа, ПАО АНК \"Башнефть\" \"Башнефть-Новойл\""]
["Электротехнические изделия, материалы","ПАО АНК \"Башнефть\" \"Башнефть-Новойл\"",8,142,"Кольцо уплотнительное Cortem GRN 3/GRN32","ШТ",4,137.38999999999999,549.55999999999995,"450045, г. Уфа, ПАО АНК \"Башнефть\" \"Башнефть-Новойл\""]
["Электротехнические изделия, материалы","ПАО АНК \"Башнефть\" \"Башнефть-Новойл\"",8,143,"Кольцо уплотнительное Cortem GRN 5/GRN50","ШТ",2,300.22000000000003,600.44000000000005,"450045, г. Уфа, ПАО АНК \"Башнефть\" \"Башнефть-Новойл\""]
["Электротехнические изделия, материалы","ПАО АНК \"Башнефть\" \"Башнефть-Новойл\"",8,144,"Комплект материал креп Rittal SZ 2559000","ШТ",30,24.47,734.09999999999991,"450045, г. Уфа, ПАО АНК \"Башнефть\" \"Башнефть-Новойл\""]
["Электротехнические изделия, материалы","ПАО АНК \"Башнефть\" \"Башнефть-Новойл\"",8,145,"Комплект монтажный Rittal SR 1994.835","ШТ",1,1268.3900000000001,1268.3900000000001,"450045, г. Уфа, ПАО АНК \"Башнефть\" \"Башнефть-Новойл\""]
["Электротехнические изделия, материалы","ПАО АНК \"Башнефть\" \"Башнефть-Новойл\"",8,146,"Комплект шасси Rittal TS 8612.060","ШТ",20,298.56,5971.2,"450045, г. Уфа, ПАО АНК \"Башнефть\" \"Башнефть-Новойл\""]
["Электротехнические изделия, материалы","ПАО АНК \"Башнефть\" \"Башнефть-Новойл\"",8,147,"Конденсатор К78-17 (450В 20мкФ)","ШТ",2,176.72,353.44,"450045, г. Уфа, ПАО АНК \"Башнефть\" \"Башнефть-Новойл\""]
["Электротехнические изделия, материалы","ПАО АНК \"Башнефть\" \"Башнефть-Новойл\"",8,148,"Контргайка Cortem DL3IB","ШТ",8,108.89,871.12,"450045, г. Уфа, ПАО АНК \"Башнефть\" \"Башнефть-Новойл\""]
["Электротехнические изделия, материалы","ПАО АНК \"Башнефть\" \"Башнефть-Новойл\"",8,149,"Контргайка латунная ВЭЛАН G1","ШТ",4,62.8,251.2,"450045, г. Уфа, ПАО АНК \"Башнефть\" \"Башнефть-Новойл\""]
["Электротехнические изделия, материалы","ПАО АНК \"Башнефть\" \"Башнефть-Новойл\"",8,150,"Корпус шкафа Rittal TS 8204.500","ШТ",1,20721.830000000002,20721.830000000002,"450045, г. Уфа, ПАО АНК \"Башнефть\" \"Башнефть-Новойл\""]
["Электротехнические изделия, материалы","ПАО АНК \"Башнефть\" \"Башнефть-Новойл\"",8,151,"Крепеж Rittal TS 4582.500","ШТ",4,123.73,494.92,"450045, г. Уфа, ПАО АНК \"Башнефть\" \"Башнефть-Новойл\""]
["Электротехнические изделия, материалы","ПАО АНК \"Башнефть\" \"Башнефть-Новойл\"",8,152,"Крышка 65 к кабель-каналу Legrand 10521","ШТ",15,168.63,2529.4499999999998,"450045, г. Уфа, ПАО АНК \"Башнефть\" \"Башнефть-Новойл\""]
["Электротехнические изделия, материалы","ПАО АНК \"Башнефть\" \"Башнефть-Новойл\"",8,153,"К-т соединительный Rittal ZS 4315.600","ШТ",2,345.08,690.16,"450045, г. Уфа, ПАО АНК \"Башнефть\" \"Башнефть-Новойл\""]
["Электротехнические изделия, материалы","ПАО АНК \"Башнефть\" \"Башнефть-Новойл\"",8,154,"К-т соединительный Rittal ZS 4315.600","ШТ",2,457.8,915.6,"450045, г. Уфа, ПАО АНК \"Башнефть\" \"Башнефть-Новойл\""]
["Электротехнические изделия, материалы","ПАО АНК \"Башнефть\" \"Башнефть-Новойл\"",8,155,"К-т соединительный Rittal ZS 4315.600","ШТ",2,457.8,915.6,"450045, г. Уфа, ПАО АНК \"Башнефть\" \"Башнефть-Новойл\""]
["Электротехнические изделия, материалы","ПАО АНК \"Башнефть\" \"Башнефть-Новойл\"",8,156,"К-т соединительный Rittal ZS 4315.600","ШТ",2,457.8,915.6,"450045, г. Уфа, ПАО АНК \"Башнефть\" \"Башнефть-Новойл\""]
["Электротехнические изделия, материалы","ПАО АНК \"Башнефть\" \"Башнефть-Новойл\"",8,157,"Модуль свет.SL-L-B Moeller 205316 синий","ШТ",1,313.74,313.74,"450045, г. Уфа, ПАО АНК \"Башнефть\" \"Башнефть-Новойл\""]
["Электротехнические изделия, материалы","ПАО АНК \"Башнефть\" \"Башнефть-Новойл\"",8,158,"Модуль свет.SL-L-G Moeller 205314 зелен.","ШТ",1,313.74,313.74,"450045, г. Уфа, ПАО АНК \"Башнефть\" \"Башнефть-Новойл\""]
["Электротехнические изделия, материалы","ПАО АНК \"Башнефть\" \"Башнефть-Новойл\"",8,159,"Модуль свет.SL-L-R Moeller 205313 красн.","ШТ",1,313.74,313.74,"450045, г. Уфа, ПАО АНК \"Башнефть\" \"Башнефть-Новойл\""]
["Электротехнические изделия, материалы","ПАО АНК \"Башнефть\" \"Башнефть-Новойл\"",8,160,"Модуль свет.SL-L-W Moeller 205312 белый","ШТ",1,313.74,313.74,"450045, г. Уфа, ПАО АНК \"Башнефть\" \"Башнефть-Новойл\""]
["Электротехнические изделия, материалы","ПАО АНК \"Башнефть\" \"Башнефть-Новойл\"",8,161,"Модуль свет.SL-L-Y Moeller 205315 желтый","ШТ",1,313.74,313.74,"450045, г. Уфа, ПАО АНК \"Башнефть\" \"Башнефть-Новойл\""]
["Электротехнические изделия, материалы","ПАО АНК \"Башнефть\" \"Башнефть-Новойл\"",8,162,"Наклейка Legrand L/60915","ШТ",2,82.07,164.14,"450045, г. Уфа, ПАО АНК \"Башнефть\" \"Башнефть-Новойл\""]
["Электротехнические изделия, материалы","ПАО АНК \"Башнефть\" \"Башнефть-Новойл\"",8,163,"Наклейка Legrand L/60915","ШТ",2,81.25,162.5,"450045, г. Уфа, ПАО АНК \"Башнефть\" \"Башнефть-Новойл\""]
["Электротехнические изделия, материалы","ПАО АНК \"Башнефть\" \"Башнефть-Новойл\"",8,164,"Наклейка Legrand L/60915","ШТ",3,82.07,246.20999999999998,"450045, г. Уфа, ПАО АНК \"Башнефть\" \"Башнефть-Новойл\""]
["Электротехнические изделия, материалы","ПАО АНК \"Башнефть\" \"Башнефть-Новойл\"",8,165,"Направляющая д/проф шин Rittal 8612.080","ШТ",8,347.46,2779.68,"450045, г. Уфа, ПАО АНК \"Башнефть\" \"Башнефть-Новойл\""]
["Электротехнические изделия, материалы","ПАО АНК \"Башнефть\" \"Башнефть-Новойл\"",8,166,"Ограничитель Таврида ОПН-П 3/3,6/10/550","ШТ",4,1978.85,7915.4,"450045, г. Уфа, ПАО АНК \"Башнефть\" \"Башнефть-Новойл\""]
["Электротехнические изделия, материалы","ПАО АНК \"Башнефть\" \"Башнефть-Новойл\"",8,167,"Панель боковая Rittal TS 8104.235","ШТ",1,3079.96,3079.96,"450045, г. Уфа, ПАО АНК \"Башнефть\" \"Башнефть-Новойл\""]
["Электротехнические изделия, материалы","ПАО АНК \"Башнефть\" \"Башнефть-Новойл\"",8,168,"Панель боковая Rittal TS 8104.235","ШТ",1,2852.68,2852.68,"450045, г. Уфа, ПАО АНК \"Башнефть\" \"Башнефть-Новойл\""]
["Электротехнические изделия, материалы","ПАО АНК \"Башнефть\" \"Башнефть-Новойл\"",8,169,"Панель боковая Rittal TS 8104.235","ШТ",2,2943.76,5887.52,"450045, г. Уфа, ПАО АНК \"Башнефть\" \"Башнефть-Новойл\""]
["Электротехнические изделия, материалы","ПАО АНК \"Башнефть\" \"Башнефть-Новойл\"",8,170,"Панель боковая цокол. Rittal DK 7824.206","КМП",1,5083.28,5083.28,"450045, г. Уфа, ПАО АНК \"Башнефть\" \"Башнефть-Новойл\""]
["Электротехнические изделия, материалы","ПАО АНК \"Башнефть\" \"Башнефть-Новойл\"",8,171,"Панель боковая цокол. Rittal TS 8601.060","КМП",1,533.5,533.5,"450045, г. Уфа, ПАО АНК \"Башнефть\" \"Башнефть-Новойл\""]
["Электротехнические изделия, материалы","ПАО АНК \"Башнефть\" \"Башнефть-Новойл\"",8,172,"Панель боковая цокол. Rittal TS 8601.060","КМП",2,520.29,1040.58,"450045, г. Уфа, ПАО АНК \"Башнефть\" \"Башнефть-Новойл\""]
["Электротехнические изделия, материалы","ПАО АНК \"Башнефть\" \"Башнефть-Новойл\"",8,173,"Панель боковая цокол. Rittal TS8105.235","ШТ",2,3149.61,6299.22,"450045, г. Уфа, ПАО АНК \"Башнефть\" \"Башнефть-Новойл\""]
["Электротехнические изделия, материалы","ПАО АНК \"Башнефть\" \"Башнефть-Новойл\"",8,174,"Переключатель Legrand L/74027","ШТ",2,183.44,366.88,"450045, г. Уфа, ПАО АНК \"Башнефть\" \"Башнефть-Новойл\""]
["Электротехнические изделия, материалы","ПАО АНК \"Башнефть\" \"Башнефть-Новойл\"",8,175,"Перемычка Phoenix Contact 2303145","ШТ",50,8.0299999999999994,401.49999999999994,"450045, г. Уфа, ПАО АНК \"Башнефть\" \"Башнефть-Новойл\""]
["Электротехнические изделия, материалы","ПАО АНК \"Башнефть\" \"Башнефть-Новойл\"",8,176,"Перемычка Phoenix Contact 2303145","ШТ",10,8.0299999999999994,80.3,"450045, г. Уфа, ПАО АНК \"Башнефть\" \"Башнефть-Новойл\""]
["Электротехнические изделия, материалы","ПАО АНК \"Башнефть\" \"Башнефть-Новойл\"",8,177,"Перемычка Phoenix Contact 2966786","ШТ",10,258.76,2587.6,"450045, г. Уфа, ПАО АНК \"Башнефть\" \"Башнефть-Новойл\""]
["Электротехнические изделия, материалы","ПАО АНК \"Башнефть\" \"Башнефть-Новойл\"",8,178,"Перемычка Phoenix Contact 3118135","ШТ",50,50.13,2506.5,"450045, г. Уфа, ПАО АНК \"Башнефть\" \"Башнефть-Новойл\""]
["Электротехнические изделия, материалы","ПАО АНК \"Башнефть\" \"Башнефть-Новойл\"",8,179,"Перемычка Phoenix Contact FBS 3005963","ШТ",10,27.86,278.60000000000002,"450045, г. Уфа, ПАО АНК \"Башнефть\" \"Башнефть-Новойл\""]
["Электротехнические изделия, материалы","ПАО АНК \"Башнефть\" \"Башнефть-Новойл\"",8,180,"Перемычка Phoenix Contact FBS 3005963","ШТ",50,27.64,1382,"450045, г. Уфа, ПАО АНК \"Башнефть\" \"Башнефть-Новойл\""]
["Электротехнические изделия, материалы","ПАО АНК \"Башнефть\" \"Башнефть-Новойл\"",8,181,"Перемычка Phoenix Contact FBS 3005963","ШТ",10,23.6,236,"450045, г. Уфа, ПАО АНК \"Башнефть\" \"Башнефть-Новойл\""]
["Электротехнические изделия, материалы","ПАО АНК \"Башнефть\" \"Башнефть-Новойл\"",8,182,"Перемычка Phoenix Contact P/n 3030365","ШТ",5,134.18,670.90000000000009,"450045, г. Уфа, ПАО АНК \"Башнефть\" \"Башнефть-Новойл\""]
["Электротехнические изделия, материалы","ПАО АНК \"Башнефть\" \"Башнефть-Новойл\"",8,183,"Переходник Cortem RE 238G","ШТ",6,671.26,4027.56,"450045, г. Уфа, ПАО АНК \"Башнефть\" \"Башнефть-Новойл\""]
["Электротехнические изделия, материалы","ПАО АНК \"Башнефть\" \"Башнефть-Новойл\"",8,184,"Переходник Cortem RE52A","ШТ",10,350.71,3507.1,"450045, г. Уфа, ПАО АНК \"Башнефть\" \"Башнефть-Новойл\""]
["Электротехнические изделия, материалы","ПАО АНК \"Башнефть\" \"Башнефть-Новойл\"",8,185,"Петли настенные Legrand 01969","ШТ",1,403.36,403.36,"450045, г. Уфа, ПАО АНК \"Башнефть\" \"Башнефть-Новойл\""]
["Электротехнические изделия, материалы","ПАО АНК \"Башнефть\" \"Башнефть-Новойл\"",8,186,"Пиктограмма Указательная стрелка ПЭУ 003","ШТ",6,16.13,96.78,"450045, г. Уфа, ПАО АНК \"Башнефть\" \"Башнефть-Новойл\""]
["Электротехнические изделия, материалы","ПАО АНК \"Башнефть\" \"Башнефть-Новойл\"",8,187,"Планка монтажная Rittal TS 4696.000","ШТ",20,108.54,2170.8000000000002,"450045, г. Уфа, ПАО АНК \"Башнефть\" \"Башнефть-Новойл\""]
["Электротехнические изделия, материалы","ПАО АНК \"Башнефть\" \"Башнефть-Новойл\"",8,188,"Подвес для кабелей связи П-11","ШТ",50,3.39,169.5,"450045, г. Уфа, ПАО АНК \"Башнефть\" \"Башнефть-Новойл\""]
["Электротехнические изделия, материалы","ПАО АНК \"Башнефть\" \"Башнефть-Новойл\"",8,189,"Пост ПКУ-15-21-121-54У2","ШТ",1,330.95,330.95,"450045, г. Уфа, ПАО АНК \"Башнефть\" \"Башнефть-Новойл\""]
["Электротехнические изделия, материалы","ПАО АНК \"Башнефть\" \"Башнефть-Новойл\"",8,190,"Пост сигнал.взрывозащ. ПСВ-С-73У1","ШТ",2,3827.27,7654.54,"450045, г. Уфа, ПАО АНК \"Башнефть\" \"Башнефть-Новойл\""]
["Электротехнические изделия, материалы","ПАО АНК \"Башнефть\" \"Башнефть-Новойл\"",8,191,"Пост управления ПКЕ-212-1","ШТ",1,34.020000000000003,34.020000000000003,"450045, г. Уфа, ПАО АНК \"Башнефть\" \"Башнефть-Новойл\""]
["Электротехнические изделия, материалы","ПАО АНК \"Башнефть\" \"Башнефть-Новойл\"",8,192,"Предохранитель Littelfuse 0218.500MXP","ШТ",4,3.6,14.4,"450045, г. Уфа, ПАО АНК \"Башнефть\" \"Башнефть-Новойл\""]
["Электротехнические изделия, материалы","ПАО АНК \"Башнефть\" \"Башнефть-Новойл\"",8,193,"Предохранитель Phoenix Contact 0913689","ШТ",60,14.68,{"$f":"G197*H197","v":880.8},"450045, г. Уфа, ПАО АНК \"Башнефть\" \"Башнефть-Новойл\""]
["Электротехнические изделия, материалы","ПАО АНК \"Башнефть\" \"Башнефть-Новойл\"",8,194,"Предохранитель ПКТ 104-6-315-20У3","ШТ",6,6500.17,39001.020000000004,"450045, г. Уфа, ПАО АНК \"Башнефть\" \"Башнефть-Новойл\""]
["Электротехнические изделия, материалы","ПАО АНК \"Башнефть\" \"Башнефть-Новойл\"",8,195,"Предохранитель ПКТ 104-6-315-20У3","ШТ",6,4471,26826,"450045, г. Уфа, ПАО АНК \"Башнефть\" \"Башнефть-Новойл\""]
["Электротехнические изделия, материалы","ПАО АНК \"Башнефть\" \"Башнефть-Новойл\"",8,196,"Предохранитель ПКТ-101-6-31,5-20У3","ШТ",6,578.12,3468.7200000000003,"450045, г. Уфа, ПАО АНК \"Башнефть\" \"Башнефть-Новойл\""]
["Электротехнические изделия, материалы","ПАО АНК \"Башнефть\" \"Башнефть-Новойл\"",8,197,"Профиль Rittal 2 шт. TS 8802.080","ШТ",1,417.08,417.08,"450045, г. Уфа, ПАО АНК \"Башнефть\" \"Башнефть-Новойл\""]
["Электротехнические изделия, материалы","ПАО АНК \"Башнефть\" \"Башнефть-Новойл\"",8,198,"Профиль Rittal 2 шт. TS 8802.080","ШТ",3,417.08,1251.24,"450045, г. Уфа, ПАО АНК \"Башнефть\" \"Башнефть-Новойл\""]
["Электротехнические изделия, материалы","ПАО АНК \"Башнефть\" \"Башнефть-Новойл\"",8,199,"Профиль Rittal PS арт. 4174.000","ШТ",4,202.83,811.32,"450045, г. Уфа, ПАО АНК \"Башнефть\" \"Башнефть-Новойл\""]
["Электротехнические изделия, материалы","ПАО АНК \"Башнефть\" \"Башнефть-Новойл\"",8,200,"Профиль Rittal PS арт. 4376.000","КМП",2,1059.68,2119.36,"450045, г. Уфа, ПАО АНК \"Башнефть\" \"Башнефть-Новойл\""]
["Электротехнические изделия, материалы","ПАО АНК \"Башнефть\" \"Башнефть-Новойл\"",8,201,"Профиль Rittal PS арт. 4380.000","КМП",1,3073.46,3073.46,"450045, г. Уфа, ПАО АНК \"Башнефть\" \"Башнефть-Новойл\""]
["Электротехнические изделия, материалы","ПАО АНК \"Башнефть\" \"Башнефть-Новойл\"",8,202,"Профиль Rittal PS арт. 4380.000","КМП",1,2725.66,2725.66,"450045, г. Уфа, ПАО АНК \"Башнефть\" \"Башнефть-Новойл\""]
["Электротехнические изделия, материалы","ПАО АНК \"Башнефть\" \"Башнефть-Новойл\"",8,203,"Профиль Rittal PS арт. 4947.000","ШТ",6,281.14,1686.84,"450045, г. Уфа, ПАО АНК \"Башнефть\" \"Башнефть-Новойл\""]
["Электротехнические изделия, материалы","ПАО АНК \"Башнефть\" \"Башнефть-Новойл\"",8,204,"Профиль Rittal PS арт. 4947.000","ШТ",6,260.10000000000002,1560.6000000000001,"450045, г. Уфа, ПАО АНК \"Башнефть\" \"Башнефть-Новойл\""]
["Электротехнические изделия, материалы","ПАО АНК \"Башнефть\" \"Башнефть-Новойл\"",8,205,"Профиль Rittal TS 17х73 8612150","ШТ",12,126.07,1512.84,"450045, г. Уфа, ПАО АНК \"Башнефть\" \"Башнефть-Новойл\""]
["Электротехнические изделия, материалы","ПАО АНК \"Башнефть\" \"Башнефть-Новойл\"",8,206,"Профиль Rittal TS арт. 8800.300","ШТ",2,893.52,1787.04,"450045, г. Уфа, ПАО АНК \"Башнефть\" \"Башнефть-Новойл\""]
["Электротехнические изделия, материалы","ПАО АНК \"Башнефть\" \"Башнефть-Новойл\"",8,207,"Профиль Rittal TS арт. 8800.300","ШТ",4,225.77,903.08,"450045, г. Уфа, ПАО АНК \"Башнефть\" \"Башнефть-Новойл\""]
["Электротехнические изделия, материалы","ПАО АНК \"Башнефть\" \"Башнефть-Новойл\"",8,208,"Разъем Schneider Electric LV429235 (2шт)","УПК",2,1386.37,2772.74,"450045, г. Уфа, ПАО АНК \"Башнефть\" \"Башнефть-Новойл\""]
["Электротехнические изделия, материалы","ПАО АНК \"Башнефть\" \"Башнефть-Новойл\"",8,209,"Разъем питания под винт CCA620 59668","ШТ",3,1693.11,5079.33,"450045, г. Уфа, ПАО АНК \"Башнефть\" \"Башнефть-Новойл\""]
["Электротехнические изделия, материалы","ПАО АНК \"Башнефть\" \"Башнефть-Новойл\"",8,210,"Разъем токовый Sepam ССА630 59630","ШТ",2,3907.28,7814.56,"450045, г. Уфа, ПАО АНК \"Башнефть\" \"Башнефть-Новойл\""]
["Электротехнические изделия, материалы","ПАО АНК \"Башнефть\" \"Башнефть-Новойл\"",8,211,"Разъем токовый Sepam ССА630 59630","ШТ",1,4736.63,4736.63,"450045, г. Уфа, ПАО АНК \"Башнефть\" \"Башнефть-Новойл\""]
["Электротехнические изделия, материалы","ПАО АНК \"Башнефть\" \"Башнефть-Новойл\"",8,212,"Рама Rittal SR 2340.700","ШТ",1,7665.17,7665.17,"450045, г. Уфа, ПАО АНК \"Башнефть\" \"Башнефть-Новойл\""]
["Электротехнические изделия, материалы","ПАО АНК \"Башнефть\" \"Башнефть-Новойл\"",8,213,"Рама цоколя Rittal TS 8601.800","ШТ",1,766.68,766.68,"450045, г. Уфа, ПАО АНК \"Башнефть\" \"Башнефть-Новойл\""]
["Электротехнические изделия, материалы","ПАО АНК \"Башнефть\" \"Башнефть-Новойл\"",8,214,"Рамка монтажа Legrand арт. 61720","ШТ",2,151.77000000000001,303.54000000000002,"450045, г. Уфа, ПАО АНК \"Башнефть\" \"Башнефть-Новойл\""]
["Электротехнические изделия, материалы","ПАО АНК \"Башнефть\" \"Башнефть-Новойл\"",8,215,"Рамка монтажа Legrand арт. 61720","ШТ",2,151.77000000000001,303.54000000000002,"450045, г. Уфа, ПАО АНК \"Башнефть\" \"Башнефть-Новойл\""]
["Электротехнические изделия, материалы","ПАО АНК \"Башнефть\" \"Башнефть-Новойл\"",8,216,"Рамка монтажа Legrand арт. 61720","ШТ",6,151.77000000000001,910.62000000000012,"450045, г. Уфа, ПАО АНК \"Башнефть\" \"Башнефть-Новойл\""]
["Электротехнические изделия, материалы","ПАО АНК \"Башнефть\" \"Башнефть-Новойл\"",8,217,"Регулятор температуры Stahl 4637440","ШТ",1,5618.76,5618.76,"450045, г. Уфа, ПАО АНК \"Башнефть\" \"Башнефть-Новойл\""]
["Электротехнические изделия, материалы","ПАО АНК \"Башнефть\" \"Башнефть-Новойл\"",8,218,"Регулятор температуры Stahl 4637440","ШТ",1,6121.3,6121.3,"450045, г. Уфа, ПАО АНК \"Башнефть\" \"Башнефть-Новойл\""]
["Электротехнические изделия, материалы","ПАО АНК \"Башнефть\" \"Башнефть-Новойл\"",8,219,"Рейка ABB 1SNA164600R1200","ШТ",1,104.57,104.57,"450045, г. Уфа, ПАО АНК \"Башнефть\" \"Башнефть-Новойл\""]
["Электротехнические изделия, материалы","ПАО АНК \"Башнефть\" \"Башнефть-Новойл\"",8,220,"Реле DEK-OE-5DC/24DC/100кГц 2964270","ШТ",3,1296.1400000000001,3888.42,"450045, г. Уфа, ПАО АНК \"Башнефть\" \"Башнефть-Новойл\""]
["Электротехнические изделия, материалы","ПАО АНК \"Башнефть\" \"Башнефть-Новойл\"",8,221,"Реле Finder 40.51.7.024.0000","ШТ",20,76.72,1534.4,"450045, г. Уфа, ПАО АНК \"Башнефть\" \"Башнефть-Новойл\""]
["Электротехнические изделия, материалы","ПАО АНК \"Башнефть\" \"Башнефть-Новойл\"",8,222,"Реле Finder 99.22.9.024.0099","ШТ",2,60.16,120.32,"450045, г. Уфа, ПАО АНК \"Башнефть\" \"Башнефть-Новойл\""]
["Электротехнические изделия, материалы","ПАО АНК \"Башнефть\" \"Башнефть-Новойл\"",8,223,"Реле напряжения Finder 40.52.9.024.0000","ШТ",9,57.12,514.07999999999993,"450045, г. Уфа, ПАО АНК \"Башнефть\" \"Башнефть-Новойл\""]
["Электротехнические изделия, материалы","ПАО АНК \"Башнефть\" \"Башнефть-Новойл\"",8,224,"Реле напряжения Finder 40.52.9.024.0000","ШТ",4,57.12,228.48,"450045, г. Уфа, ПАО АНК \"Башнефть\" \"Башнефть-Новойл\""]
["Электротехнические изделия, материалы","ПАО АНК \"Башнефть\" \"Башнефть-Новойл\"",8,225,"Реле напряжения Finder 40.52.9.024.0000","ШТ",4,57.12,228.48,"450045, г. Уфа, ПАО АНК \"Башнефть\" \"Башнефть-Новойл\""]
["Электротехнические изделия, материалы","ПАО АНК \"Башнефть\" \"Башнефть-Новойл\"",8,226,"Розетка для реле Finder 9505SMA","ШТ",20,91.12,1822.4,"450045, г. Уфа, ПАО АНК \"Башнефть\" \"Башнефть-Новойл\""]
["Электротехнические изделия, материалы","ПАО АНК \"Башнефть\" \"Башнефть-Новойл\"",8,227,"Розетка для реле Finder 9505SMA","ШТ",13,65.73,854.49,"450045, г. Уфа, ПАО АНК \"Башнефть\" \"Башнефть-Новойл\""]
["Электротехнические изделия, материалы","ПАО АНК \"Башнефть\" \"Башнефть-Новойл\"",8,228,"Саморез ST 4,8х16 Rittal SZ 2487000","ШТ",1500,4.68,7020,"450045, г. Уфа, ПАО АНК \"Башнефть\" \"Башнефть-Новойл\""]
["Электротехнические изделия, материалы","ПАО АНК \"Башнефть\" \"Башнефть-Новойл\"",8,229,"Саморез ST 4,8х16 Rittal SZ 2487000","ШТ",900,4.76,4284,"450045, г. Уфа, ПАО АНК \"Башнефть\" \"Башнефть-Новойл\""]
["Электротехнические изделия, материалы","ПАО АНК \"Башнефть\" \"Башнефть-Новойл\"",8,230,"Саморез ST 4,8х16 Rittal SZ 2487000","ШТ",900,4.45,4005,"450045, г. Уфа, ПАО АНК \"Башнефть\" \"Башнефть-Новойл\""]
["Электротехнические изделия, материалы","ПАО АНК \"Башнефть\" \"Башнефть-Новойл\"",8,231,"Система упр. ExСУО-1А-2Т ЧК-35.2А-3(С)","КМП",1,27148.080000000002,27148.080000000002,"450045, г. Уфа, ПАО АНК \"Башнефть\" \"Башнефть-Новойл\""]
["Электротехнические изделия, материалы","ПАО АНК \"Башнефть\" \"Башнефть-Новойл\"",8,232,"Системные шасси Rittal TS 8612.160 4шт","УПК",1,160,160,"450045, г. Уфа, ПАО АНК \"Башнефть\" \"Башнефть-Новойл\""]
["Электротехнические изделия, материалы","ПАО АНК \"Башнефть\" \"Башнефть-Новойл\"",8,233,"Соединение RAA630FT Betterman 7121318","ШТ",2,1156.73,2313.46,"450045, г. Уфа, ПАО АНК \"Башнефть\" \"Башнефть-Новойл\""]
["Электротехнические изделия, материалы","ПАО АНК \"Башнефть\" \"Башнефть-Новойл\"",8,234,"Стартер FS-U Phoenix Light-220/80","ШТ",100,2.73,273,"450045, г. Уфа, ПАО АНК \"Башнефть\" \"Башнефть-Новойл\""]
["Электротехнические изделия, материалы","ПАО АНК \"Башнефть\" \"Башнефть-Новойл\"",8,235,"Стартер СК-220-240В","ШТ",246,2.63,646.98,"450045, г. Уфа, ПАО АНК \"Башнефть\" \"Башнефть-Новойл\""]
["Электротехнические изделия, материалы","ПАО АНК \"Башнефть\" \"Башнефть-Новойл\"",8,236,"Стерж. заземления OBO Bettermann 5000300","ШТ",2,2151.27,4302.54,"450045, г. Уфа, ПАО АНК \"Башнефть\" \"Башнефть-Новойл\""]
["Электротехнические изделия, материалы","ПАО АНК \"Башнефть\" \"Башнефть-Новойл\"",8,237,"Стопор концевой E/NS 35 N 0800886","ШТ",2,28.72,57.44,"450045, г. Уфа, ПАО АНК \"Башнефть\" \"Башнефть-Новойл\""]
["Электротехнические изделия, материалы","ПАО АНК \"Башнефть\" \"Башнефть-Новойл\"",8,238,"Стопор концевой Phoenix Contact 1201442","ШТ",257,14.24,3659.68,"450045, г. Уфа, ПАО АНК \"Башнефть\" \"Башнефть-Новойл\""]
["Электротехнические изделия, материалы","ПАО АНК \"Башнефть\" \"Башнефть-Новойл\"",8,239,"Суппорт Legrand L/01771","ШТ",5,150.34,751.7,"450045, г. Уфа, ПАО АНК \"Башнефть\" \"Башнефть-Новойл\""]
["Электротехнические изделия, материалы","ПАО АНК \"Башнефть\" \"Башнефть-Новойл\"",8,240,"Суппорт Legrand L/01771","ШТ",1,153.30000000000001,153.30000000000001,"450045, г. Уфа, ПАО АНК \"Башнефть\" \"Башнефть-Новойл\""]
["Электротехнические изделия, материалы","ПАО АНК \"Башнефть\" \"Башнефть-Новойл\"",8,241,"Суппорт Legrand L/01771","ШТ",2,153.74,307.48,"450045, г. Уфа, ПАО АНК \"Башнефть\" \"Башнефть-Новойл\""]
["Электротехнические изделия, материалы","ПАО АНК \"Башнефть\" \"Башнефть-Новойл\"",8,242,"Уплотнитель каб.ввода Legrand 098005","ШТ",10,58.42,584.20000000000005,"450045, г. Уфа, ПАО АНК \"Башнефть\" \"Башнефть-Новойл\""]
["Электротехнические изделия, материалы","ПАО АНК \"Башнефть\" \"Башнефть-Новойл\"",8,243,"Уплотнитель каб.ввода Legrand 098006","ШТ",21,53.38,1120.98,"450045, г. Уфа, ПАО АНК \"Башнефть\" \"Башнефть-Новойл\""]
["Электротехнические изделия, материалы","ПАО АНК \"Башнефть\" \"Башнефть-Новойл\"",8,244,"Устр-во защ. APC 3P0441","ШТ",2,566.36,1132.72,"450045, г. Уфа, ПАО АНК \"Башнефть\" \"Башнефть-Новойл\""]
["Электротехнические изделия, материалы","ПАО АНК \"Башнефть\" \"Башнефть-Новойл\"",8,245,"Устр-во защ. ASCO-Pulsar 450","ШТ",1,19187.55,19187.55,"450045, г. Уфа, ПАО АНК \"Башнефть\" \"Башнефть-Новойл\""]
["Электротехнические изделия, материалы","ПАО АНК \"Башнефть\" \"Башнефть-Новойл\"",8,246,"Устр-во защ. ASCO-Pulsar 450","ШТ",1,19137.080000000002,19137.080000000002,"450045, г. Уфа, ПАО АНК \"Башнефть\" \"Башнефть-Новойл\""]
["Электротехнические изделия, материалы","ПАО АНК \"Башнефть\" \"Башнефть-Новойл\"",8,247,"Устр-во защ. ASCO-Pulsar 450","ШТ",1,16873.650000000001,16873.650000000001,"450045, г. Уфа, ПАО АНК \"Башнефть\" \"Башнефть-Новойл\""]
["Электротехнические изделия, материалы","ПАО АНК \"Башнефть\" \"Башнефть-Новойл\"",8,248,"Фиксатор кабеля Rittal IN 2203.400","ШТ",1,423.91,423.91,"450045, г. Уфа, ПАО АНК \"Башнефть\" \"Башнефть-Новойл\""]
["Электротехнические изделия, материалы","ПАО АНК \"Башнефть\" \"Башнефть-Новойл\"",8,249,"Фиксатор поворот.рамы Rittal SR 1979.200","ШТ",2,450.79,901.58,"450045, г. Уфа, ПАО АНК \"Башнефть\" \"Башнефть-Новойл\""]
["Электротехнические изделия, материалы","ПАО АНК \"Башнефть\" \"Башнефть-Новойл\"",8,250,"Фиксатор торцевой ВАМ2","ШТ",4,14.03,56.12,"450045, г. Уфа, ПАО АНК \"Башнефть\" \"Башнефть-Новойл\""]
["Электротехнические изделия, материалы","ПАО АНК \"Башнефть\" \"Башнефть-Новойл\"",8,251,"Фланш-панель пластик Rittal SZ 2563.500","ШТ",1,835.17,835.17,"450045, г. Уфа, ПАО АНК \"Башнефть\" \"Башнефть-Новойл\""]
["Электротехнические изделия, материалы","ПАО АНК \"Башнефть\" \"Башнефть-Новойл\"",8,252,"Хомут ПРАЦ.745322.029","ШТ",6,163.59,981.54,"450045, г. Уфа, ПАО АНК \"Башнефть\" \"Башнефть-Новойл\""]
["Электротехнические изделия, материалы","ПАО АНК \"Башнефть\" \"Башнефть-Новойл\"",8,253,"Шасси системное Rittal TS 8612.140","ШТ",16,195.14,3122.24,"450045, г. Уфа, ПАО АНК \"Башнефть\" \"Башнефть-Новойл\""]
["Электротехнические изделия, материалы","ПАО АНК \"Башнефть\" \"Башнефть-Новойл\"",8,254,"Шасси системное Rittal TS 8612.140","ШТ",12,215.75,2589,"450045, г. Уфа, ПАО АНК \"Башнефть\" \"Башнефть-Новойл\""]
["Электротехнические изделия, материалы","ПАО АНК \"Башнефть\" \"Башнефть-Новойл\"",8,255,"Шланг кабельный Rittal 25м 2590.000","ШТ",1,3015.95,3015.95,"450045, г. Уфа, ПАО АНК \"Башнефть\" \"Башнефть-Новойл\""]
["Электротехнические изделия, материалы","ПАО АНК \"Башнефть\" \"Башнефть-Новойл\"",8,256,"Ящик ЯВШ2-25У2","ШТ",2,2101.39,4202.78,"450045, г. Уфа, ПАО АНК \"Башнефть\" \"Башнефть-Новойл\""]
["Электротехнические изделия, материалы","ПАО АНК \"Башнефть\" \"Башнефть-Новойл\"",8,257,"Ящик ЯТП-0,25 220/24-2ав.TDM SQ1601-0015","ШТ",7,532.17999999999995,{"$f":"G261*H261","v":3725.2599999999998},"450045, г. Уфа, ПАО АНК \"Башнефть\" \"Башнефть-Новойл\""]
["Электротехнические изделия, материалы","ПАО АНК \"Башнефть\" \"Башнефть-Новойл\"",8,258,"Ящик ЯТП-0,25-27 У1 220/36 IP54","ШТ",2,653.01,1306.02,"450045, г. Уфа, ПАО АНК \"Башнефть\" \"Башнефть-Новойл\""]

{"sheet":"Лист1","index":1,"n_rows":0,"n_cols":0,"rows_kept":0,"cut":false,"hidden":false,"merged":[]}